| 000 | 02245cam a22004694i 4500 | ||
|---|---|---|---|
| 003 | PE-LiUPU | ||
| 005 | 20250731173510.0 | ||
| 008 | 150623s1977 miu r 000 0 eng d | ||
| 020 | _a0802880517 | ||
| 035 | _a(Sirsi) i9780802880512 | ||
| 040 |
_aPE-LiUPU _bspa _cPE-LiUPU _erda |
||
| 049 | _aPRUA | ||
| 082 | 0 | 4 |
_a270.9 _bS311977 _221 |
| 100 | 1 |
_aSchaff, Philip, _eautor. |
|
| 245 | 1 | 0 |
_aHistory of the christian church. _n5,The Middle Ages / _cPhilip Schaff. |
| 264 | 1 |
_aMichigan : _bWm. B. Eerdmans Publishing Company, _c1977. |
|
| 300 |
_a910 páginas ; _c22 centímetros |
||
| 336 |
_atext _2rdacontent |
||
| 337 |
_aunmediated _2rdamedia |
||
| 338 |
_avolume _2rdacarrier |
||
| 505 | 0 | _aThe hildebrandian popes -- Gregory VII -- The papacy from the death of gregory -- The papacy from the concordat of wroms to innocent III -- Innocent III and his age -- The papacy from the death of Innocent III -- The crusades -- The monastic orders. Missions -- Heresy and its supression -- Universities and cathedrals -- Scholastic and mystic theology -- Scholasticism at its height -- The sacramental system -- Pope and clergy -- Popular worship and superstition. | |
| 526 | _aSEG42 | ||
| 526 | _aSEG41 | ||
| 526 | _aSEG40 | ||
| 526 | _aSEG39 | ||
| 526 | _aP94 | ||
| 526 | _aP87 | ||
| 526 | _aP86 | ||
| 526 | _aP85 | ||
| 526 | _aP77 | ||
| 526 | _aP76 | ||
| 526 | _aP35 | ||
| 650 | 0 | 4 |
_aIglesia _xHistoria _yEdad Media, 1049-1294 d. C. |
| 942 |
_2ddc _cBOOK |
||
| 949 |
_a270.9 S31 5 1977 _wDEWEY _c1 _i52956 _lCCODEBUL1 _mBUL _p25.00 _r0 _sY _tBOOK _u2015-6-24 _xTEOLOGIA _PP35 _0COMPRA _o.STAFF. Colección Teología |
||
| 949 |
_a270.9 S31 5 _wDEWEY _c1 _i40755 _lCCODEBUL1 _mBUL _r0 _sY _tBOOK _u2015-6-16 _xTEOLOGIA _zUNKNOWN _0COMPRA _o.STAFF. Colección Teología |
||
| 994 |
_aC0 _bPEPRU |
||
| 596 | _a1 | ||
| 999 |
_a270.9 S31 5 _wDEWEY _c58543 _i40755 _f2021-11-11 _g5 _lCCODEBUL1 _mBUL _r0 _sY _tBOOK _u2015-6-16 _xTEOLOGIA _zUNKNOWN _0COMPRA _o.STAFF. Colección General _d58543 |
||
| 999 |
_a270.9 S31 5 1977 _wDEWEY _c1 _i52956 _e2017-3-30 _f2021-11-11 _g5 _lCCODEBUL1 _mBUL _n1 _p25.00 _r0 _sY _tBOOK _u2015-6-24 _xTEOLOGIA _PP35 _0COMPRA _o.STAFF. Colección Teología |
||
| 980 |
_81 _gALBERTO SANCHEZ Responsable de Automatización |
||